Statistics for Steel Type Pokemon

Click here to take the quiz!

General Stats

  • This quiz has been taken 1,179 times
    (428 since last reset)
  • The average score is 39 of 61

Answer Stats

RegionPokemon% Correct
KantoMagnemite
94%
Magneton
94%
Steelix
94%
Magnezone
90%
Metagross
87%
Beldum
86%
Metang
85%
Skarmory
83%
Dialga
80%
Aron
79%
Scizor
78%
Aggron
78%
Lairon
77%
Registeel
77%
Jirachi
77%
SinnohEmpoleon
77%
Aegislash
75%
Doublade
74%
Heatran
74%
Klink
74%
Klinklang
73%
Klang
73%
Bronzong
72%
Bronzor
72%
Bastiodon
72%
KalosHonedge
72%
Shieldon
71%
HoennMawile
70%
Bisharp
69%
Genesect
68%
Lucario
67%
Pawniard
66%
Klefki
65%
Ferroseed
64%
Ferrothorn
64%
JohtoForretress
63%
Durant
63%
Cobalion
62%
Dugtrio
56%
Probopass
55%
Alolan FormDiglett
55%
Zamazenta (with Rusted Shield)
52%
Zacian (with Rusted Sword)
52%
Duraludon
52%
Celesteela
49%
Kartana
49%
Solgaleo
48%
Magearna
48%
UnovaExcadrill
47%
Corviknight
45%
Melmetal
45%
GalarMeltan
45%
Escavalier
45%
Copperajah
42%
AlolaTogedemaru
41%
Wormadam (Trash Cloak)
41%
Cufant
40%
Stakataka
40%
Perrserker
39%
Meowth (Galarian Form)
36%
Stunfisk (Galarian Form)
28%

Score Distribution

Percentile by Number Answered

Percent of People with Each Score

Your Score History

You have not taken this quiz since the last reset